000 00408nam a22001577a 4500
003 macl
005 20160204125657.0
008 160204b xxu||||| |||| 00| 0 eng d
040 _cmacl
041 _aEnglish
100 _aMajumdar Kalpana
_936871
245 _aWomen And Work Barriers And Strategres
260 _aNew Delhi
_bPacific Publication
_c2011
650 _aWomen Power
_917608
942 _2ddc
_cBK
999 _c53228
_d53228